Les systèmes axiomatiques de la théorie des ensembles /

Guardado en:
Autor Principal: Wang, Hao.
Otros Autores: Mc Naughton, Robert.
Formato: Libro
Idioma:French
Publicado: Paris : Gauthier-Villars, 1953.
Series:Collection de logique mathématique, sér. A ; 4
Etiquetas: Agregar Etiqueta
Sin Etiquetas, Sea el primero en etiquetar este registro!
LEADER 00599nam a22001815a 4500
001 MAT.inmabb001639
008 031125s1953####fr############000#0#fre#d
005 20130409115857.0
245 1 4 |a Les systèmes axiomatiques de la théorie des ensembles /  |c par Hao Wang et Mc Naughton Robert. 
260 |a Paris :  |b Gauthier-Villars,  |c 1953. 
300 |a 54 p. ;  |c 26 cm. 
440 0 |a Collection de logique mathématique, sér. A ;  |v 4 
510 4 |a MR,  |c 15,493a 
100 1 |a Wang, Hao. 
700 1 |a Mc Naughton, Robert. 
084 |a 03Exx  |2 msc2000 
010 |a  54001349  
859 |h 03  |i W246  |p A-2051  |b BIB. MATEMATICA